Central Library OPAC University of Rajshahi

Ancient art and ritual / (Record no. 6418)

MARC details
000 -LEADER
fixed length control field 00740nam a2200265 4500
001 - CONTROL NUMBER
control field 6418
003 - CONTROL NUMBER IDENTIFIER
rucl marc code BD-RjUL
005 - DATE AND TIME OF LATEST TRANSACTION
control field 20211208234235.0
008 - FIXED-LENGTH DATA ELEMENTS--GENERAL INFORMATION
fixed length control field 140111s19691951nyua b 001 0 eng
020 ## - INTERNATIONAL STANDARD BOOK NUMBER
International Standard Book Number 0837119812
035 ## - SYSTEM CONTROL NUMBER
System control number (BD-RjUL)6458
040 ## - CATALOGING SOURCE
Original cataloging agency DLC
Transcribing agency DLC
Modifying agency DLC
-- BD-RjUL
Language of cataloging eng
041 ## - LANGUAGE CODE
Language code of text/sound track or separate title eng
082 00 - DEWEY DECIMAL CLASSIFICATION NUMBER
Classification number 291.3
Author mark and year HAN 1951
100 1# - MAIN ENTRY--PERSONAL NAME
Personal name Harrison, Jane Ellen,
Dates associated with a name 1850-1928.
9 (RLIN) 20206
245 10 - TITLE STATEMENT
Title Ancient art and ritual /
Statement of responsibility, etc. Jane Ellen Harrison
260 ## - PUBLICATION, DISTRIBUTION, ETC. (IMPRINT)
Place of publication, distribution, etc. New York :
Name of publisher, distributor, etc. Greenwood Press,
Date of publication, distribution, etc. 1951
300 ## - PHYSICAL DESCRIPTION
Pagination 256 p. ;
Size 18 cm.
504 ## - BIBLIOGRAPHY, ETC. NOTE
Bibliography, etc Bibliography: p. 253-254. and index.
650 #0 - SUBJECT ADDED ENTRY--TOPICAL TERM
Topical term or geographic name as entry element Art, Primitive.
9 (RLIN) 20207
Topical term or geographic name as entry element Ritual.
9 (RLIN) 20208
Topical term or geographic name as entry element Aesthetics.
9 (RLIN) 20209
942 ## - ADDED ENTRY ELEMENTS (KOHA)
Source of classification or shelving scheme Dewey Decimal Classification
Koha item type Books
Holdings
Lost status Source of classification or shelving scheme Damaged status Not for loan Collection code Permanent Location Current Location Shelving location Date acquired Source of acquisition Cost, normal purchase price Total Checkouts Full call number Date last seen Date checked out Copy number Koha item type
  Dewey Decimal Classification     Non-fiction Central Library, University of Rajshahi Central Library, University of Rajshahi   25/10/1954 O.U.P 3.60 1 291.3 HAN 1951 06/03/2023 23/02/2023 C-2 Books
  Dewey Decimal Classification     Non-fiction Central Library, University of Rajshahi Central Library, University of Rajshahi   22/01/1955 M.B.P., Dacca 3.12   291.3 HAN 1951 23/06/2016   C-3 Books
  Dewey Decimal Classification   Not For Loan Non-fiction Central Library, University of Rajshahi Central Library, University of Rajshahi Reading Room 22/01/1955 O.U.P., Dhaka 3.60   291.3 HAN 1951 28/01/2017   C-1 Books